Belvedere - II- Arte etrusca - Panorama storico dell'arte (Record n. 90622)
[ formato base ]
| 000 -LEADER | |
|---|---|
| fixed length control field | 01923nam a2200289Ia 4500 |
| 001 - CONTROL NUMBER | |
| control field | H6566 |
| 003 - CONTROL NUMBER IDENTIFIER | |
| control field | IT-RoPAU |
| 008 - FIXED-LENGTH DATA ELEMENTS--GENERAL INFORMATION | |
| fixed length control field | 130308s9999 xx 000 0 und d |
| 040 ## - CATALOGING SOURCE | |
| Original cataloging agency | IT-RoPAU |
| 040 ## - CATALOGING SOURCE | |
| Transcribing agency | IT-RoPAU |
| 041 ## - LANGUAGE CODE | |
| Language code of text/sound track or separate title | ITALIANO |
| 100 ## - MAIN ENTRY--PERSONAL NAME | |
| Personal name | Bargellini Piero |
| 100 ## - MAIN ENTRY--PERSONAL NAME | |
| Miscellaneous information | Codice Aut. SPICS: 58572 |
| 245 ## - TITLE STATEMENT | |
| Title | Belvedere - II- Arte etrusca - Panorama storico dell'arte |
| 245 ## - TITLE STATEMENT | |
| Remainder of title | Belvedere - Ii- Arte Etrusca - Panorama Storico dell'arte |
| 250 ## - EDITION STATEMENT | |
| Edition statement | 1a ed. |
| 260 ## - PUBLICATION, DISTRIBUTION, ETC. (IMPRINT) | |
| Place of publication, distribution, etc. | FIRENZE |
| 260 ## - PUBLICATION, DISTRIBUTION, ETC. (IMPRINT) | |
| Name of publisher, distributor, etc. | Vallecchi |
| 260 ## - PUBLICATION, DISTRIBUTION, ETC. (IMPRINT) | |
| Date of publication, distribution, etc. | 1958 [1° Ed.:1958 - Ed.Ling.Originale:1958] |
| 300 ## - PHYSICAL DESCRIPTION | |
| Extent | "340 p. (prefazione: no ; testo: 340 [pagine: 0-0])" |
| 500 ## - GENERAL NOTE | |
| General note | "Ceneri Dentro Vaso Biconico e Civiltà Villanoviana. Elmo Sul Vaso Cinerario e misterioso Popolo degli Etruschi. Lituo Ricurvo e Etrusca Disciplina. Busto del Lucumone e Prima Dodecapoli. tombe Rotonde e Arte Orientaleggiante. Leggenda di Roma e Realtà di Misa presso Marzabotto. Tempio di Legno e suo Rivestimento in Terracotta. sorriso di Vulca e scultura Etrusca. Quartiere del vivo Defunto e tombe Scavate nella Roccia. tombe Violate e Suppellettili della Casa. proiezione dei Vasi e Pareti Decorate. Uovo della Fecondità e Ghirlanda della Vita. Musica Attorno al Triclinio e Decorazione di Stile Attico. tomba del Littore e caduta di Veio. Iato Etrusco e Mater Matuta. regno della Morte e Arrivo nella tomba dei Velii. tomba dell'Orco e Veliasposa Triste del Velca. Tregua dei Quarant'Anni e tomba dei rilievi Dipinti. Vita Stagnante e Urnette Cinerarie. gusto Ellenistico e Ipogeo dei Volumni. piccola Aconia Quartilla e L'Etruria Romanizzata. Fratelli D'Aconia e nuove generazioni degli Etruschi. Indici: Riassunto del Secondo Volume; tavole a Colori; Illustrazioni in Nero; Nomi e Cose Notevoli." |
| 650 ## - SUBJECT ADDED ENTRY--TOPICAL TERM | |
| Topical term or geographic name as entry element | STORIA UNIVERSALE DELLE ARTI VISIVE |
| 650 ## - SUBJECT ADDED ENTRY--TOPICAL TERM | |
| Relator term | Codice materia Spics: 5009 |
| 942 ## - ADDED ENTRY ELEMENTS (KOHA) | |
| Koha item type | LIBRO |
| 957 ## - | |
| -- | 1 |
| 999 ## - SYSTEM CONTROL NUMBERS (KOHA) | |
| -- | 1 |
| Withdrawn status | Lost status | Damaged status | Not for loan | Home library | Current library | Date acquired | Total Checkouts | Full call number | Date last seen | Price effective from | Koha item type | Public note |
|---|---|---|---|---|---|---|---|---|---|---|---|---|
| Buone Condizioni | Not For Loan | SPICS-MEDIATECA | SPICS-MEDIATECA | 08/03/2013 | H6566 | 08/03/2013 | 08/03/2013 | LIBRO | Progressivo inserimento: 22098 / N. Volumi: 1 Copie: 1 / data import: 1 marzo 2013 - By Epidotti, Trombetti, Vaglietti. |